| 000 | 00335nam a2200109Ia 4500 | ||
|---|---|---|---|
| 008 | 171211s9999 xx 000 0 und d | ||
| 245 | _aMasters of Doom: How Two Guys Created an Empire and Transformed Pop Culture | ||
| 245 | _cDavid Kushner | ||
| 260 | _c2003 | ||
| 650 | _xGAMES | ||
| 856 | _uhttp://down.ebook777.com/057/1588362892.pdf | ||
| 999 |
_c348891 _d348891 |
||